000 00431cam a2200181ua 4500
020 _c7.50
041 _ahin
_h
082 _a891.54
_bVED/BH
100 _aVedprakash , Singh .
245 _aBharat ke pramug udyog /
_cVedprakash singh.
_hTextual Documents
250 _a1 /
_b.
260 _a :
_bAtmaram and Sons ,
_c1959.
300 _a256 ; .
365 _a7.50
504 _a
942 _cBK
999 _c6441
_d6441